Historia de los templos parroquiales de la Diócesis de la Santa Cruz de Rancangua

Guardat en:
Dades bibliogràfiques
Autors principals: Sánchez Gaete, Marcial Exequiel (Autor), Castillo Navasal, María José (Autor)
Format: Llibre
Idioma:espanyol
Publicat: Santiago, Chile Centro de Estudios Bicentenario 2017
Col·lecció:Colección Templos de Chile
Matèries:
Etiquetes: Afegir etiqueta
Sense etiquetes, Sigues el primer a etiquetar aquest registre!

MARC

LEADER 00000cam a2200000 a 4500
001 UCC2727
003 CL-VaPUC
005 20230411123505.0
008 180316e20170800cl |||||||||||||||||spa|d
999 |c 370693  |d 370691 
020 |a 9789568979881 
020 |a 9789568979898 
040 |c Pontificia Universidad Católica de Valparaíso 
082 0 4 |a 278.3 SAN 2017  |2 21 
100 0 |a Sánchez Gaete, Marcial Exequiel  |e author  |9 596728 
245 1 0 |a Historia de los templos parroquiales de la Diócesis de la Santa Cruz de Rancangua 
260 |a Santiago, Chile  |b Centro de Estudios Bicentenario  |c 2017 
300 |a 505 páginas 
490 0 |a Colección Templos de Chile 
583 |a last modification  |c 20180316 12:27:00  |k Rodrigo Vera 
650 0 |a Historia de la iglesia Chilena  |9 470714 
650 0 |a Iglesia católica Chilena  |9 470715 
650 7 |a TEMPLOS  |2 CL-VaPUC  |9 266644  |z CHILE  |z RANCAGUA 
650 0 |a Parroquias   |z RANCAGUA  |z CHILE  |9 258927 
700 0 |a Castillo Navasal, María José  |e author  |9 596729 
852 |a BIBCUR 
942 |c BK  |2 ddc 
945 |d 20180316 12:27:00  |a arojas 
952 |0 0  |1 0  |2 ddc  |3 erb  |4 0  |6 278_300000000000000_SAN_2017  |7 0  |8 A  |9 487274  |a BIBHIS  |b BIBHIS  |i 5455979  |o 278.3 SAN 2017  |p 5455979  |r 2025-01-20  |t 1  |w 2019-11-24  |y BK  |z Catalogado en:20180316  |k HIS